| 000 -LEADER |
| fixed length control field |
02096nam a22002657a 4500 |
| 020 ## - INTERNATIONAL STANDARD BOOK NUMBER |
| ISBN |
9781119672302 |
| 082 ## - DEWEY DECIMAL CLASSIFICATION NUMBER |
| Classification number |
519.5 |
| Item number |
Ad244 2022 |
| 245 ## - TITLE STATEMENT |
| Title |
Advances in business statistics, methods and data collection / edited by Ger Snijkers, Mojca Bavdaž, Stefan Bender, Jacqui Jones, Steve Macfeely, Joseph W. Sakshaug, Katherine J. Thompson, Arnout Van Delden. |
| 260 ## - PUBLICATION, DISTRIBUTION, ETC. (IMPRINT) |
| Place of publication |
Hoboken, NJ : |
| Name of publisher |
Wiley, |
| Year of publication |
c2022. |
| 300 ## - PHYSICAL DESCRIPTION |
| Number of Pages |
1 online resource, xxxvi, 856 pages : |
| Other physical details |
illustrations (some). |
| 500 ## - GENERAL NOTE |
| General note |
Includes bibliographical references and index. |
| 520 ## - SUMMARY, ETC. |
| Summary, etc |
The latest developments in the production of business statistics, methods, and data collection In Advances in Business Statistics, Methods and Data Collection, distinguished researcher Dr. Ger Snijkers delivers an invaluable collection of new issues in business statistics, as well as its methods, and in the collection of business data. This edited volume offers new developments in business surveys--including discussions of non-probability sampling and web surveys--and statistical process control, the use of secondary data sources, register methodology, and possibilities presented by the Internet of Things. The included works present some of the most innovative and impactful developments in the optimization of the development, conduct, and evaluation of modern business programs. These include advancements in big data, machine learning, and advanced visualization. Providing a broad overview of the most up-to-date changes in business statistics and data, this book challenges the status quo and prepares researchers for future challenges"-- Provided by publisher |
| 650 ## - SUBJECT ADDED ENTRY--TOPICAL TERM |
| Topical Term |
Commercial Statistics. |
| 650 ## - SUBJECT ADDED ENTRY--TOPICAL TERM |
| Topical Term |
Statistics - Methodology. |
| 650 ## - SUBJECT ADDED ENTRY--TOPICAL TERM |
| Topical Term |
Business surveys. |
| 700 ## - ADDED ENTRY--PERSONAL NAME |
| Personal name |
Snijkers, Ger, editor. |
| 700 ## - ADDED ENTRY--PERSONAL NAME |
| Personal name |
Bavdaž, Mojca, editor. |
| 700 ## - ADDED ENTRY--PERSONAL NAME |
| Personal name |
Bender, Stefan, editor. |
| 700 ## - ADDED ENTRY--PERSONAL NAME |
| Personal name |
Jones, Jacqui, editor. |
| 700 ## - ADDED ENTRY--PERSONAL NAME |
| Personal name |
Macfeely, Steve, editor. |
| 700 ## - ADDED ENTRY--PERSONAL NAME |
| Personal name |
Sakshaug, Joseph, G., editor. |
| 700 ## - ADDED ENTRY--PERSONAL NAME |
| Personal name |
Thompson, Katherine, J., editor. |
| 700 ## - ADDED ENTRY--PERSONAL NAME |
| Personal name |
Delden, Arnout Van, editor. |
| 942 ## - ADDED ENTRY ELEMENTS (KOHA) |
| Koha item type |
Electronic Books |